Whose Line Is It Anyway Games Quiz Stats

 Plays Quiz not verified by Sporcle

Support Sporcle.
Go Orange.
Score 0/11 Timer 06:00
0 Plays Today
Game Description Game % Correct
Performers pair off and act out short scenes using a weird objects.Props
84.2%
Performers sing a song about a topic about a random object in four line stanzasHoedown
83.3%
Each performer sings a line in a ending each stanza with 'hai-dee-dai-dee-dai'Irish Drinking Song
82.8%
Participants improv based on topics suggested by the audience.Scenes from a Hat
80.9%
Performers act out a fake party where the host must guess the odd personalities of his three guests.Party Quirks
73.7%
Performers act out a scene where each line must be a question.Questions Only
70.3%
Performers act out a fake TV dating show where the contestants have weird personality traits.Let's Make a Date
65.1%
Performers describe and perform songs from a fake CD compilation set, mimicking a commercial.Greatest Hits
62.7%
Performers act out a fake news broadcast with odd personality or character traits.Weird Newscasters
62.7%
Two performers act out a scene integrating pre-written lines that they draw out of their pocket throughout the scene.Whose Line?
60.3%
A performer makes up a song about an audience member.Song Styles
55.5%

You're not logged in!

Compare scores with friends on all Sporcle quizzes.
OR
Log In

From the Vault

Czech Yourself

by TheBigE1980

As Ice Cube once said, 'You better Czech yourself before you wzrech yourself'.
Remove Ads.
Support Sporcle.
Get the best of Sporcle when you Go Orange. This ad-free experience offers more features, more stats, and more fun while also helping to support Sporcle. Thank you for becoming a member.

Show Comments

Extras

Top Quizzes Today


Score Distribution

Your Account Isn't Verified!

In order to create a playlist on Sporcle, you need to verify the email address you used during registration. Go to your Sporcle Settings to finish the process.

Report this User

Report this user for behavior that violates our Community Guidelines.

Details: